| 000 | 00477nam a22001577a 4500 | ||
|---|---|---|---|
| 008 | 220920b |||||||| |||| 00| 0 eng d | ||
| 020 | _a1615216178 | ||
| 050 |
_aBV4501.3 _b.W45 2014 C.1 |
||
| 100 | _aWhitney, Donald S. | ||
| 245 |
_aSpiritual disciplines for the christian life/ _cDonald S. Whitney |
||
| 260 |
_bNavapress _c2014 |
||
| 300 | _ax. 341p. | ||
| 650 |
_aSpiritual life _vChristianity |
||
| 650 |
_aDiscipline _vReligious aspects _xChristianity |
||
| 942 |
_2lcc _cBK |
||
| 999 |
_c19502 _d19501 |
||